Detalles MARC
| 000 -CABECERA |
| campo de control de longitud fija |
01137cam a2200277 a 4500 |
| 001 - NÚMERO DE CONTROL |
| campo de control |
000011665 |
| 003 - IDENTIFICADOR DEL NÚMERO DE CONTROL |
| campo de control |
UkOxU |
| 005 - FECHA Y HORA DE LA ÚLTIMA TRANSACCIÓN |
| campo de control |
20200929162524.0 |
| 008 - DATOS DE LONGITUD FIJA--INFORMACIÓN GENERAL |
| campo de control de longitud fija |
500101s1975 sp af bc 000 0 spa d |
| 020 ## - NÚMERO INTERNACIONAL ESTÁNDAR DEL LIBRO |
| Número Internacional Estándar del Libro |
8436904273 |
| 035 ## - NÚMERO DE CONTROL DEL SISTEMA |
| Número de control de sistema |
OCLC ocm02389754 from D950804M |
| 040 ## - FUENTE DE LA CATALOGACIÓN |
| Centro catalogador/agencia de origen |
DO-SdBNP |
| Centro/agencia transcriptor |
DLC |
| Centro/agencia modificador |
EQO |
| 043 ## - CÓDIGO DE ÁREA GEOGRÁFICA |
| Código de área geográfica |
e-sp--- |
| 082 ## - NÚMERO DE LA CLASIFICACIÓN DECIMAL DEWEY |
| Número de clasificación |
708.46 |
| Número de documento/Ítem |
M986c |
| 245 00 - MENCIÓN DE TÍTULO |
| Título |
Museo Colegial de Daroca : |
| Resto del título |
catálogo / |
| Mención de responsabilidad, etc. |
redactado por Juan Francisco Esteban Lorente. |
| 260 ## - PUBLICACIÓN, DISTRIBUCIÓN, ETC. |
| Lugar de publicación, distribución, etc. |
Madrid : |
| Nombre del editor, distribuidor, etc. |
Servicio Nacional de Información Artística, Arqueológica y Etnológica y Etnológica, |
| Fecha de publicación, distribución, etc. |
1975. |
| 300 ## - DESCRIPCIÓN FÍSICA |
| Extensión |
116 p. : |
| Otras características físicas |
il. ; |
| Dimensiones |
21 cm. |
| 490 1# - MENCIÓN DE SERIE |
| Mención de serie |
Guías de los Museos de España |
| Designación de volumen o secuencia |
38 |
| 500 ## - NOTA GENERAL |
| Nota general |
A la cabeza del título: Ministerio de Educación y Ciencia, Dirección General del Patrimonio Artístico y Cultural. |
| 504 ## - NOTA DE BIBLIOGRAFÍA, ETC. |
| Nota de bibliografía, etc. |
Incluye referencias bibliográficas (p. 113-114). |
| 610 20 - PUNTO DE ACCESO ADICIONAL DE MATERIA--NOMBRE DE ENTIDAD CORPORATIVA |
| Nombre de entidad corporativa o nombre de jurisdicción como elemento de entrada |
MUSEO COLEGIAL DE DAROCA |
| 9 (RLIN) |
27656 |
| 650 #4 - PUNTO DE ACCESO ADICIONAL DE MATERIA--TÉRMINO DE MATERIA |
| Término de materia o nombre geográfico como elemento de entrada |
Arte cristiano |
| Subdivisión geográfica |
España |
| -- |
Daroca |
| Subdivisión general |
Catalogos |
| 9 (RLIN) |
27657 |
| 700 1# - PUNTO DE ACCESO ADICIONAL--NOMBRE DE PERSONA |
| Nombre de persona |
Esteban Lorente, Juan Francisco. |
| 9 (RLIN) |
27658 |
| 710 1# - PUNTO DE ACCESO ADICIONAL--NOMBRE DE ENTIDAD CORPORATIVA |
| Nombre de entidad corporativa o nombre de jurisdicción como elemento de entrada |
Museo Colegial de Daroca. |
| 9 (RLIN) |
27659 |
| 830 #0 - PUNTO DE ACCESO ADICIONAL DE SERIE-TÍTULO UNIFORME |
| Título uniforme |
Guías de los Museos de España ; |
| Designación de volumen o secuencia |
38 |
| 9 (RLIN) |
27660 |